000 00206 a2200097 4500
001 18344
100 _aShah, I
245 _aExploits of the incomparable
260 _a
_bPan books
_c
090 _c13628
_d13628
942 _aNUST-CAE
_cM
_c4034
999 _c253417
_d253417